000 00663nam a2200253Ia 4500
003 OSt
005 20220918165920.0
006 a|||||r|||| 00| 0
007 ta
008 220917b |||||||| |||| 00| 0 eng d
020 _a8180900622 (hb)
024 _a231,413
037 _cTextual
040 _aARTS
_cARTS
_beng
041 _2eng
_aeng
082 _aR66, P6
100 _aMahadevan T.M.P.
_95630
245 0 _aPhilosophy of advaita
260 _aDelhi
_bBharatiya Kala Prakashan
_c2006
300 _aix, 256p.
_ccm.
650 _aADVAITA PHILOSOPHY
_9790
942 _hR66, P6
_cTEXL
_2CC
999 _c131719
_d131719